00756cam a22002411 4500001001300000003000400013005001700017008004100034010001700075035002000092040002200112043001200134050002300146100002600169245005100195250006600246260005300312300002100365504003000386650003300416650004800449999001700497ne 63002556 DLC20260227111753.0901205s1961 le b 000 0 arar  ane 63002556  a(OCoLC)22781691 aDLCcWaUdMHdDLC ama-----00aPJ7542.L6bS9 19611 aSulaymān, Mūsá.13aal-Ḥubb al-ʻudhrī /cMūsá Sulaymān. aṬabʻah 2., maʻa mukhtārāt min al-shiʻr al-ʻudhrī. aBayrūt :bDār Maktabat al-Ḥayāh,c[1961] a159 p. ;c24 cm. aBibliography: p. 155-157. 0aPlatonic love in literature. 0aLove poetry, ArabicxHistory and criticism. c46498d46498